000 00452nam a2200205Ia 4500
003 IT-RoPAU
008 120407s9999 xx 000 0 und d
040 _aIT-RoPAU
040 _cIT-RoPAU
041 _aita
245 _aUfficiatura della Pia Società san Paolo.
250 _aRoma
260 _aCasa Generalizia SSP
300 _a128 p.
300 _c17,5 cm
490 _v1
710 _aSocietà San Paolo
942 _cBK
999 _c25096
_d25096